LEADER 01206nam0-2200361-i-4500 001 990005947010203316 005 20140509144510.0 010 $a978-88-481-2286-3 035 $a000594701 035 $aUSA01000594701 035 $a(ALEPH)000594701USA01 035 $a000594701 100 $a20140509d2012----|0itac50 ba 101 $aita 102 $aIT 200 1 $aManuale delle preparazioni erboristiche$efitoterapici, fitocosmetici, prodotti erboristici, integratori alimentari a base di piante$fFranco Bettiol, Franco Francesco Vincieri 210 $aMilano$cTecniche nuove$d2012 215 $aXIV, 444 p.$cill.$d24 cm 225 2 $aTecnica farmaceutica & cosmetica 410 0$12001$aTecnica farmaceutica & cosmetica 606 0 $aFitoterapia$2BNCF 676 $a615.321 700 1$aBETTIOL,$bFranco$0445348 701 1$aVINCIERI,$bFranco Francesco$0424923 801 3$aIT$bsalbc$gISBD 912 $a990005947010203316 951 $a615.321 BET 1$b5700 Farm$c615$d00335749 959 $aBK 969 $aFAR 979 $aANGELA$b90$c20140509$lUSA01$h1439 979 $aANGELA$b90$c20140509$lUSA01$h1445 996 $aManuale delle preparazioni erboristiche$91072384 997 $aUNISA LEADER 01216nam a2200277 i 4500 001 991000541959707536 005 20020503184113.0 008 990408s1983 it ita 035 $ab10092924-39ule_inst 035 $aLE02517937$9ExL 040 $aFac. Economia$bita 082 0 $a658 100 1 $aAiroldi, Giuseppe$0304942 245 13$aLe funzioni di organizzazione in impresa :$bi modelli generali di analisi e progettazione e il caso delle banche italiane /$cGiuseppe Airoldi, Maurizio Decastri 260 $aMilano :$bGiuffrè,$cstampa 1983 300 $axxi, 424 p. ;$c24 cm 490 0 $aUniversità L. Bocconi, Dipartimento di economia aziendale. Organizzazione aziendale ;$v4 650 4$aBanche$xOrganizzazione 650 4$aImprese$xOrganizzazione 700 1 $aDecastri, Maurizio$eauthor$4http://id.loc.gov/vocabulary/relators/aut$0106024 907 $a.b10092924$b12-12-18$c27-06-02 912 $a991000541959707536 945 $aLE025 ECO 658 AIR01.01$g1$i2025000058422$lle025$nCatalogato 2018$o-$pE0.00$q-$rl$s- $t0$u2$v0$w2$x0$y.i10108154$z27-06-02 996 $aFunzioni di organizzazione in impresa$9427846 997 $aUNISALENTO 998 $ale025$b01-01-99$cm$da $e-$fita$git $h3$i1